Cơ học kết cấu; T1: Phần kết cấu tĩnh định Dùng cho sinh viên tại chức các trường đại học kỹ thuật

Đã lưu trong:
书目详细资料
主要作者: Lều Thọ Trình
格式: 图书
语言:Undetermined
出版: Hà Nội ĐH và GDCN 1977
标签: 添加标签
没有标签, 成为第一个标记此记录!
Thư viện lưu trữ: Trung tâm Học liệu Trường Đại học Cần Thơ
LEADER 00596nam a2200169Ia 4500
001 CTU_45606
008 210402s9999 xx 000 0 und d
082 |a 624.171 
082 |b Tr312 
100 |a Lều Thọ Trình 
245 0 |a Cơ học kết cấu; T1: Phần kết cấu tĩnh định 
245 0 |b Dùng cho sinh viên tại chức các trường đại học kỹ thuật 
245 0 |c Lều Thọ Trình, Hồ Anh Tuấn 
260 |a Hà Nội 
260 |b ĐH và GDCN 
260 |c 1977 
980 |a Trung tâm Học liệu Trường Đại học Cần Thơ